[Event "14. Lichtenberger Sommer"]
[Site "14. Lichtenberger Sommer"]
[Date "2015.08.22"]
[Round "8.77"]
[White "Strowig, Justin"]
[Black "Weber, Sandra"]
[Result "1/2-1/2"]
[WhiteElo "1835"]
[BlackElo "1837"]
[PlyCount "26"]
[EventDate "2015.??.??"]
[WhiteTeam "SV Mattnetz Berlin"]
[BlackTeam "SV Stuttgart-Wolfbusch"]

1. e4 c5 2. b4 cxb4 3. Nf3 Nc6 4. a3 d5 5. exd5 Qxd5 6. axb4 Qe4+ 7. Be2 Nxb4
8. Na3 Bd7 9. O-O Nf6 10. Bc4 e6 11. d3 Qg4 12. Nb5 Bxb5 13. Bxb5+ Nc6 1/2-1/2

[Event "14. Lichtenberger Sommer"]
[Site "14. Lichtenberger Sommer"]
[Date "2015.08.22"]
[Round "8.78"]
[White "Mildenberger, Hans"]
[Black "Matitschka, Heinz"]
[Result "0-1"]
[WhiteElo "1631"]
[BlackElo "1910"]
[PlyCount "46"]
[EventDate "2015.??.??"]
[WhiteTeam "SG BVG Helmholz 55 (FV Schach)"]
[BlackTeam "TSG Oberschöneweide"]

1. d4 Nf6 2. c4 e6 3. Nf3 b6 4. g3 Ba6 5. b3 Bb4+ 6. Bd2 Be7 7. Nc3 Bb7 8. Bg2
O-O 9. O-O c5 10. e3 a6 11. a3 Qc7 12. Re1 Ne4 13. Qc2 Nxd2 14. Qxd2 Nc6 15. e4
cxd4 16. Nxd4 Rac8 17. Nf3 Na5 18. Qf4 Nxb3 19. Qxc7 Rxc7 20. Rab1 Na5 21. Bf1
Nxc4 22. Bxc4 Rxc4 23. Rxb6 Rxc3 0-1

[Event "14. Lichtenberger Sommer"]
[Site "14. Lichtenberger Sommer"]
[Date "2015.08.22"]
[Round "8.79"]
[White "Bergmann, Jens"]
[Black "Schröder, Wolfgang"]
[Result "1-0"]
[WhiteElo "1907"]
[BlackElo "1722"]
[PlyCount "59"]
[EventDate "2015.??.??"]
[WhiteTeam "SK Tempelhof 1931"]
[BlackTeam "SSV Rotation Berlin"]

1. e4 c5 2. Nf3 d6 3. Bc4 Nf6 4. Qe2 e6 5. e5 dxe5 6. Nxe5 Bd6 7. O-O O-O 8. d3
Nbd7 9. f4 Qc7 10. Re1 Nb6 11. Bb3 Bd7 12. Nd2 Rad8 13. Ndf3 Bc6 14. Ng5 Bd5
15. Bd2 h6 16. Ngf3 Bxb3 17. axb3 Qb8 18. g4 Nfd5 19. g5 h5 20. g6 fxg6 21.
Nxg6 Nxf4 22. Bxf4 Rf6 23. Bxd6 Rxg6+ 24. Bg3 Rxg3+ 25. hxg3 Qxg3+ 26. Qg2
Qxg2+ 27. Kxg2 Nd5 28. Rxa7 Rd7 29. Ng5 Re7 30. Ra8+ 1-0

[Event "14. Lichtenberger Sommer"]
[Site "14. Lichtenberger Sommer"]
[Date "2015.08.22"]
[Round "8.80"]
[White "Kapp, Frank"]
[Black "Hüls, Maximilian"]
[Result "1-0"]
[WhiteElo "1908"]
[BlackElo "1552"]
[PlyCount "63"]
[EventDate "2015.??.??"]
[WhiteTeam "TSV IFA Chemnitz"]
[BlackTeam "SV Mattnetz Berlin"]

1. d4 d5 2. Bf4 f5 3. Nf3 e6 4. e3 Nf6 5. Nbd2 Bd6 6. Ne5 Nbd7 7. Ndf3 Bxe5 8.
Nxe5 Nxe5 9. Bxe5 O-O 10. Bd3 Ne4 11. f3 Ng5 12. Qe2 Nf7 13. Bg3 Nd6 14. h4 b6
15. h5 c5 16. c3 c4 17. Bc2 b5 18. a3 Nf7 19. Bh4 Qc7 20. Kd2 Re8 21. f4 Nd6
22. g4 Ne4+ 23. Bxe4 dxe4 24. gxf5 exf5 25. Rag1 Kf8 26. Rg2 a6 27. Rhg1 Qf7
28. Rxg7 Qxg7 29. Rxg7 Kxg7 30. Qg2+ Kf7 31. Qg5 Be6 32. h6 1-0

[Event "14. Lichtenberger Sommer"]
[Site "14. Lichtenberger Sommer"]
[Date "2015.08.22"]
[Round "8.81"]
[White "Reck, Jessica"]
[Black "Scholta, Danilo"]
[Result "1/2-1/2"]
[WhiteElo "1655"]
[BlackElo "1861"]
[PlyCount "67"]
[EventDate "2015.??.??"]
[WhiteTeam "VfB Hermsdorf"]
[BlackTeam "SV Empor Berlin"]

1. d4 d5 2. Nf3 e6 3. g3 Bd6 4. Bg2 f5 5. c4 c6 6. O-O Nf6 7. b3 Qe7 8. Ne5
Nbd7 9. Nd3 O-O 10. Nd2 b6 11. Nf3 Bb7 12. Nfe5 Rfd8 13. Bf4 Rac8 14. Nxd7 Rxd7
15. Bxd6 Qxd6 16. Ne5 Rdd8 17. e3 Nd7 18. Nd3 Ba6 19. Rc1 e5 20. Re1 dxc4 21.
Nb2 exd4 22. Nxc4 Qf6 23. exd4 Bxc4 24. bxc4 c5 25. Bd5+ Kf8 26. Qh5 Qg6 27.
Qf3 Re8 28. Qf4 cxd4 29. Qxd4 Rcd8 30. Qb2 Qd6 31. Qc2 g6 32. Qd2 Qf6 33. Qf4
Ne5 34. Rcd1 1/2-1/2

[Event "14. Lichtenberger Sommer"]
[Site "14. Lichtenberger Sommer"]
[Date "2015.08.22"]
[Round "8.82"]
[White "Hesselbarth, Karlheinz"]
[Black "Bieber, Rainer"]
[Result "1/2-1/2"]
[WhiteElo "1732"]
[BlackElo "1745"]
[PlyCount "97"]
[EventDate "2015.??.??"]
[WhiteTeam "SC Zugzwang 95 (Berlin)"]
[BlackTeam "SV Empor Berlin"]

1. d4 Nf6 2. c4 g6 3. Nc3 d5 4. Bg5 Ne4 5. Bh4 Nxc3 6. bxc3 Bg7 7. e3 c5 8. Nf3
Nc6 9. cxd5 Qxd5 10. Qb3 Qd8 11. Be2 O-O 12. O-O a6 13. Rfd1 cxd4 14. cxd4 Na5
15. Qa3 Re8 16. Rac1 b5 17. Bg3 Nc4 18. Bxc4 bxc4 19. Rxc4 Qd5 20. Qc5 Bb7 21.
Qxd5 Bxd5 22. Ra4 Bc6 23. Ra5 Bb5 24. a4 Be2 25. Rd2 Bc4 26. Ne5 Bb3 27. Nd3
Rec8 28. Nc5 Bc4 29. h3 e6 30. Nd7 Rc6 31. Rc5 Bd5 32. Rxc6 Bxc6 33. Nc5 Bf8
34. a5 Bb5 35. Bc7 Rc8 36. Bb6 Bd6 37. f4 h5 38. Kf2 h4 39. Kf3 Be7 40. g4 hxg3
41. Kxg3 Kg7 42. h4 Rh8 43. Rh2 Bf6 44. Bc7 Rc8 45. Be5 Bxe5 46. fxe5 Kf8 47.
h5 gxh5 48. Rxh5 Ke7 49. Kf4 1/2-1/2

[Event "14. Lichtenberger Sommer"]
[Site "14. Lichtenberger Sommer"]
[Date "2015.08.22"]
[Round "8.83"]
[White "Ziems, Michael"]
[Black "Sia, Davin"]
[Result "0-1"]
[WhiteElo "1821"]
[BlackElo "1511"]
[PlyCount "158"]
[EventDate "2015.??.??"]
[WhiteTeam "SV Empor Berlin"]
[BlackTeam "Lasker Steglitz-Wilmersdorf"]

1. d4 d5 2. c4 c6 3. Nc3 e5 4. cxd5 cxd5 5. e3 e4 6. Qb3 Nf6 7. Nge2 Nc6 8. Nf4
Na5 9. Bb5+ Bd7 10. Qa4 Bc6 11. Bd2 a6 12. Bxc6+ Nxc6 13. Qb3 Na5 14. Qc2 Rc8
15. Qa4+ Nc6 16. O-O Bb4 17. Nxe4 Bxd2 18. Nxd2 O-O 19. Rac1 Qd6 20. a3 Rfe8
21. Nf3 h6 22. Nd3 Re4 23. Nde5 Ng4 24. Nxg4 Rxg4 25. h3 Rg6 26. Ne5 Rf6 27.
Qb3 Rb8 28. f4 Ne7 29. Rc5 b6 30. Rc3 Re6 31. Rfc1 f6 32. Rc8+ Nxc8 33. f5 Rxe5
34. dxe5 Qxe5 35. Re1 Kh8 36. e4 dxe4 37. Qc4 Qc5+ 38. Qxc5 bxc5 39. Rxe4 Nd6
40. Ra4 Rxb2 41. Rxa6 Nxf5 42. Rc6 Rc2 43. a4 Ne7 44. Rc7 Nd5 45. Rc8+ Kh7 46.
a5 c4 47. a6 c3 48. a7 Nb6 49. a8=Q Nxa8 50. Rxa8 Rb2 51. Rc8 c2 52. Kh2 g5 53.
Kg3 h5 54. Kf3 Kg6 55. g4 Rb3+ 56. Kg2 Rb2 57. Kf3 h4 58. Rc7 Kh6 59. Ke4 Rb3
60. Rxc2 Rxh3 61. Kf5 Rf3+ 62. Ke6 Kg6 63. Rc8 Re3+ 64. Kd5 h3 65. Rh8 Rg3 66.
Ke6 Rxg4 67. Rxh3 f5 68. Rh8 Re4+ 69. Kd5 g4 70. Rg8+ Kh5 71. Rg7 Kh4 72. Rf7
Kg5 73. Rf8 Kf4 74. Rf6 g3 75. Rg6 Re2 76. Kd4 Kf3 77. Kd3 f4 78. Rg5 Kf2 79.
Rg4 f3 0-1

[Event "14. Lichtenberger Sommer"]
[Site "14. Lichtenberger Sommer"]
[Date "2015.08.22"]
[Round "8.84"]
[White "Vural, Argun"]
[Black "Rehmsmeier, Marc"]
[Result "0-1"]
[WhiteElo "1567"]
[BlackElo "1649"]
[PlyCount "84"]
[EventDate "2015.??.??"]
[WhiteTeam "SF Friedrichshagen"]
[BlackTeam "vereinslos"]

1. d4 d5 2. Bf4 Nf6 3. e3 e6 4. Nf3 Be7 5. Bd3 O-O 6. Nbd2 Nbd7 7. Ne5 Bd6 8.
h4 Re8 9. Qf3 Nf8 10. O-O-O N6d7 11. Nxf7 Kxf7 12. Bxd6+ Kg8 13. Ba3 c6 14. g4
b5 15. g5 a5 16. Bd6 b4 17. Rdg1 Ba6 18. Bxa6 Rxa6 19. h5 e5 20. dxe5 Nxe5 21.
Bxe5 Rxe5 22. g6 h6 23. Qf7+ Kh8 24. Nf3 Re7 25. Qf5 Qe8 26. Rg3 Re6 27. Qd3 c5
28. Qxd5 Red6 29. Qf5 Rf6 30. Qd3 Rad6 31. Qc4 Qc6 32. Qe2 Rf5 33. Rhh3 Rdf6
34. b3 Nd7 35. e4 Re6 36. Rh4 Nf6 37. e5 Nxh5 38. Nd4 Nxg3 39. Nxc6 Nxe2+ 40.
Kd1 Nc3+ 41. Ke1 Rxc6 42. f4 Rxg6 0-1

[Event "14. Lichtenberger Sommer"]
[Site "14. Lichtenberger Sommer"]
[Date "2015.08.22"]
[Round "8.85"]
[White "Kostanyan, Hakob"]
[Black "Stiemerling, Andreas"]
[Result "1/2-1/2"]
[WhiteElo "1583"]
[BlackElo "1761"]
[PlyCount "43"]
[EventDate "2015.??.??"]
[WhiteTeam "SC Weisse Dame (Berlin)"]
[BlackTeam "SSV Rotation Berlin"]

1. e4 e6 2. d4 d5 3. Nd2 Ne7 4. e5 Ng6 5. c3 Bd7 6. Bd3 Nc6 7. g3 f5 8. Qc2 Qe7
9. Nf1 Qf7 10. f4 Be7 11. Nf3 a6 12. Bd2 Na7 13. Ne3 Bb5 14. O-O-O O-O-O 15.
Kb1 Kb8 16. h4 Bxd3 17. Qxd3 Nf8 18. Rdf1 Qe8 19. h5 Qb5 20. Qc2 Rc8 21. g4 g6
22. h6 1/2-1/2

[Event "14. Lichtenberger Sommer"]
[Site "14. Lichtenberger Sommer"]
[Date "2015.08.22"]
[Round "8.86"]
[White "Schilly, Hans-Joachim"]
[Black "Allaart, Jesse"]
[Result "0-1"]
[WhiteElo "1839"]
[BlackElo "1546"]
[PlyCount "76"]
[EventDate "2015.??.??"]
[WhiteTeam "SF Siemensstadt"]
[BlackTeam "HMC Den Bosch"]

1. c4 e5 2. Nc3 Nc6 3. Nf3 f5 4. d3 Nf6 5. a3 a5 6. e3 g6 7. Be2 Bg7 8. O-O O-O
9. Rb1 d6 10. Bd2 h6 11. b4 axb4 12. axb4 g5 13. b5 Ne7 14. e4 f4 15. Nd5 Ng6
16. b6 c6 17. Nc7 Rb8 18. Qb3 Kh8 19. Bb4 c5 20. Bc3 g4 21. Nd2 Nh4 22. f3 g3
23. Rfd1 Qd7 24. Nf1 Nh5 25. hxg3 Nxg3 26. Nxg3 fxg3 27. Bf1 Qf7 28. Qc2 Qh5
29. Be1 Nf5 30. Bxg3 Nxg3 31. Be2 Qh4 32. Nd5 Bf6 33. Re1 Bg5 34. Bd1 Be6 35.
Qa4 Bxd5 36. cxd5 Be3+ 37. Rxe3 Qh1+ 38. Kf2 Qf1+ 0-1

[Event "14. Lichtenberger Sommer"]
[Site "14. Lichtenberger Sommer"]
[Date "2015.08.22"]
[Round "8.87"]
[White "Krüger, Ekkehard"]
[Black "Bernstein, Jeremy"]
[Result "1/2-1/2"]
[WhiteElo "1813"]
[BlackElo "1552"]
[PlyCount "150"]
[EventDate "2015.??.??"]
[WhiteTeam "Narva Berlin"]
[BlackTeam "SC Kreuzberg"]

1. e4 c6 2. d4 d5 3. e5 Bf5 4. Bd3 Bxd3 5. Qxd3 e6 6. Ne2 Nd7 7. O-O c5 8. c3
Ne7 9. Nd2 Nc6 10. f4 cxd4 11. cxd4 g6 12. Nf3 Bg7 13. Bd2 O-O 14. g4 Ne7 15.
Ng3 f5 16. exf6 Nxf6 17. h3 Ne8 18. Kg2 Nd6 19. Rfe1 Qd7 20. b3 Nc6 21. a4 Rae8
22. Rac1 a5 23. Ne5 Bxe5 24. dxe5 Nc8 25. Rc2 Nb6 26. Rec1 Rc8 27. Qb5 Qd8 28.
Ne2 d4 29. Bxa5 Qd5+ 30. Qxd5 Nxd5 31. Rc5 Nxf4+ 32. Nxf4 Rxf4 33. Bd2 Re4 34.
Re1 Rxe1 35. Bxe1 Rf8 36. Bd2 d3 37. a5 Nd4 38. Rc3 Nf3 39. Rxd3 Nxe5 40. Re3
Nc6 41. Rxe6 Rd8 42. Be1 Kf7 43. Re3 Re8 44. Rxe8 Kxe8 45. b4 Kd7 46. Kf3 Ke6
47. Ke4 Ne5 48. Bc3 Nc6 49. Kf4 h6 50. h4 Ne7 51. Ke4 h5 52. g5 Nf5 53. Be1 Kd6
54. Bf2 Ke6 55. b5 Nd6+ 56. Kd4 Nxb5+ 57. Kc5 Nd6 58. Bg3 Nc8 59. Kd4 Na7 60.
Be1 Nc6+ 61. Kc5 Kd7 62. Kd5 Ne7+ 63. Ke5 Ng8 64. Bb4 Ne7 65. Kf6 Nd5+ 66. Kxg6
Nxb4 67. Kxh5 Ke7 68. Kg4 Nd5 69. h5 Kf7 70. Kf5 Ne7+ 71. Ke4 Nc6 72. Kd5 Nxa5
73. Kc5 Nb3+ 74. Kb6 Nd4 75. Kxb7 Ne6 1/2-1/2

[Event "14. Lichtenberger Sommer"]
[Site "14. Lichtenberger Sommer"]
[Date "2015.08.22"]
[Round "8.88"]
[White "Gnaß, Erhard"]
[Black "Lieder, Günter"]
[Result "0-1"]
[WhiteElo "1510"]
[BlackElo "1849"]
[PlyCount "128"]
[EventDate "2015.??.??"]
[WhiteTeam "SK Zehlendorf"]
[BlackTeam "SK Turm Bad Hersfeld"]

1. Nf3 Nf6 2. c4 g6 3. Nc3 Bg7 4. g3 O-O 5. Bg2 d6 6. O-O e5 7. e4 Bg4 8. h3
Bd7 9. Kh2 c6 10. d3 Na6 11. Bg5 h6 12. Be3 Nc7 13. Qd2 Kh7 14. Ng1 Ng8 15. f4
f5 16. exf5 Bxf5 17. Rad1 d5 18. cxd5 cxd5 19. Bc5 Re8 20. fxe5 Bxe5 21. d4 Bg7
22. Nf3 b6 23. Ba3 Be4 24. Rde1 Nf6 25. Ng1 Bxg2 26. Qxg2 b5 27. Bc5 a5 28. Bb6
Rb8 29. Bxc7 Qxc7 30. Rxe8 Rxe8 31. Nxd5 Nxd5 32. Qxd5 Qc2+ 33. Qg2 Qxg2+ 34.
Kxg2 Bxd4 35. b3 Rc8 36. Re1 b4 37. Re2 Bxg1 38. Kxg1 Kg7 39. Kf2 Kf6 40. Kf3
Rc1 41. Kg2 h5 42. h4 Kf5 43. Kh3 Rc3 44. Kg2 Rc5 45. Kf3 Rd5 46. Kg2 Rd4 47.
Kh3 Re4 48. Rc2 Re5 49. Kg2 Ke4 50. Rc6 Kd3 51. Kf3 Re3+ 52. Kf4 Re2 53. Rxg6
Rxa2 54. g4 hxg4 55. h5 Kc3 56. h6 Rh2 57. Ke4 Kxb3 58. Kd4 Kc2 59. Kc4 b3 60.
Kb5 Kc1 61. Rc6+ Kb1 62. Ka4 b2 63. Ka3 Rh3+ 64. Ka4 Ka1 0-1

[Event "14. Lichtenberger Sommer"]
[Site "14. Lichtenberger Sommer"]
[Date "2015.08.22"]
[Round "8.89"]
[White "Feyer, Leon"]
[Black "Schmole-Rostosky, Joachim"]
[Result "1-0"]
[WhiteElo "1783"]
[BlackElo "1598"]
[PlyCount "63"]
[EventDate "2015.??.??"]
[WhiteTeam "SV Empor Berlin"]
[BlackTeam "SF SW Merzhausen"]

1. f4 e6 2. Nf3 d5 3. e3 a6 4. b3 c5 5. Bb2 Nc6 6. Be2 Nf6 7. O-O h6 8. Ne5 Qc7
9. d3 Bd6 10. Nxc6 bxc6 11. g3 Bb7 12. Nd2 O-O-O 13. c4 Qb6 14. Rb1 d4 15. e4
Nh7 16. e5 Be7 17. Bg4 g6 18. Ne4 Kb8 19. Bc1 h5 20. Bh3 Rhf8 21. Bd2 Bc8 22.
Qe1 Qa7 23. b4 Kc7 24. bxc5 Kd7 25. Ba5 Bxc5 26. Bxd8 Rxd8 27. Qa5 Be7 28. Rb3
Qc7 29. Nc5+ Bxc5 30. Qxc5 Ke8 31. Bg2 Bb7 32. Rxb7 1-0

[Event "14. Lichtenberger Sommer"]
[Site "14. Lichtenberger Sommer"]
[Date "2015.08.22"]
[Round "8.90"]
[White "Straßburg, Robin"]
[Black "Seitz, Patrick"]
[Result "1/2-1/2"]
[WhiteElo "1105"]
[BlackElo "1665"]
[PlyCount "45"]
[EventDate "2015.??.??"]
[WhiteTeam "SC Eintracht Berlin e.V."]
[BlackTeam "SR Heuberg-Gosheim"]

1. d4 d5 2. Nf3 e6 3. e3 c5 4. b3 Nc6 5. Bd3 Nf6 6. Nbd2 cxd4 7. exd4 Bb4 8. a3
Bc3 9. Rb1 Nxd4 10. Nxd4 Bxd4 11. O-O O-O 12. Nf3 Bc3 13. Bd2 Bxd2 14. Qxd2 Bd7
15. Qf4 Rc8 16. Qg3 Qc7 17. Qh4 h6 18. Nd2 a6 19. f4 Qa5 20. Nf3 Ne4 21. g4 Nc5
22. b4 Qxa3 23. bxc5 1/2-1/2

[Event "14. Lichtenberger Sommer"]
[Site "14. Lichtenberger Sommer"]
[Date "2015.08.22"]
[Round "8.91"]
[White "Bollenbach, Horst"]
[Black "Farnault, Eric"]
[Result "0-1"]
[WhiteElo "1736"]
[BlackElo "2032"]
[PlyCount "80"]
[EventDate "2015.??.??"]
[WhiteTeam "SC Friesen Lichtenberg"]
[BlackTeam "La Diagonale - Eybens"]

1. c4 b6 2. Nc3 Bb7 3. d4 e6 4. Nf3 Nf6 5. a3 Be7 6. e3 O-O 7. Bd3 d5 8. O-O c5
9. dxc5 dxc4 10. Bxc4 Bxc5 11. Qe2 Ne4 12. Nxe4 Bxe4 13. b4 Bd6 14. Bb3 Bd3 15.
Qa2 Bxf1 16. Kxf1 Nc6 17. Bb2 Qe7 18. Rc1 Rac8 19. Ba4 Qb7 20. Bb3 Qb8 21. Qa1
e5 22. Qb1 Ne7 23. Rxc8 Qxc8 24. Bc2 Ng6 25. Bf5 Qc4+ 26. Kg1 Re8 27. Bd3 Qg4
28. Bf5 Qh5 29. Qe4 Nh4 30. Bg4 Nxf3+ 31. Qxf3 Qg6 32. Bf5 Qh6 33. Qc6 Rd8 34.
Qc2 g6 35. Be4 Qf8 36. Qc3 Bxb4 37. Qb3 Qd6 38. Bc2 Qd2 39. g3 Qe1+ 40. Kg2 Rd2
0-1

[Event "14. Lichtenberger Sommer"]
[Site "14. Lichtenberger Sommer"]
[Date "2015.08.22"]
[Round "8.92"]
[White "Prix, Siegfried"]
[Black "Jacob, Karl"]
[Result "0-1"]
[WhiteElo "1715"]
[BlackElo "1784"]
[PlyCount "68"]
[EventDate "2015.??.??"]
[WhiteTeam "SF 1903 Berlin"]
[BlackTeam "SF Hettstedt"]

1. e4 Nf6 2. e5 Nd5 3. Bc4 Nb6 4. Bb3 d6 5. Nf3 Nc6 6. exd6 exd6 7. O-O Be7 8.
d4 O-O 9. Bf4 Bg4 10. c3 Qd7 11. Nbd2 Na5 12. Bc2 Rfe8 13. Re1 Nac4 14. b3 Nxd2
15. Bxd2 Bf6 16. Bd3 Rxe1+ 17. Bxe1 Qc6 18. Be2 Qe4 19. Kf1 Re8 20. Ng1 Bxe2+
21. Qxe2 Qc6 22. Qf3 Qb5+ 23. c4 Qa6 24. Ne2 d5 25. c5 Nd7 26. Bc3 Nxc5 27. Rd1
c6 28. Rd2 Ne4 29. Rd3 Nxc3 30. Nxc3 Bxd4 31. Ne2 Bf6 32. Re3 Be7 33. g3 Qxa2
34. Nd4 Qa1+ 0-1

[Event "14. Lichtenberger Sommer"]
[Site "14. Lichtenberger Sommer"]
[Date "2015.08.22"]
[Round "8.93"]
[White "Bauer, Stefan"]
[Black "Kohlmeyer, Dagobert"]
[Result "0-1"]
[WhiteElo "1633"]
[BlackElo "1867"]
[PlyCount "80"]
[EventDate "2015.??.??"]
[WhiteTeam "SC Kreuzberg"]
[BlackTeam "SC Rochade (Berlin)"]

1. Nf3 Nf6 2. d4 g6 3. Nbd2 d5 4. e3 Bg7 5. Be2 O-O 6. Ne5 Nfd7 7. f4 c5 8. c3
c4 9. O-O f6 10. Nef3 Nc6 11. e4 e6 12. e5 b5 13. b3 fxe5 14. fxe5 Nb6 15. Qe1
a5 16. Qg3 b4 17. Bb2 Ba6 18. Ng5 Qe7 19. Rxf8+ Rxf8 20. Bg4 Bc8 21. Ndf3 h6
22. Nh3 h5 23. Bxh5 gxh5 24. Nfg5 Rf5 25. Nf3 Nd8 26. cxb4 axb4 27. Bc1 c3 28.
Bg5 Qf8 29. Bf6 Ba6 30. Nh4 Rxf6 31. exf6 Qxf6 32. Nf3 Nc6 33. Qc7 Nxd4 34.
Qb8+ Nc8 35. Nf4 Nxf3+ 36. gxf3 Qd4+ 37. Kh1 c2 38. Re1 Qc3 39. Rc1 Qxf3+ 40.
Ng2 Qd1+ 0-1

[Event "14. Lichtenberger Sommer"]
[Site "14. Lichtenberger Sommer"]
[Date "2015.08.22"]
[Round "8.94"]
[White "Pathasart, Somchay"]
[Black "Schneider, Eckehard"]
[Result "1-0"]
[WhiteElo "1375"]
[BlackElo "1780"]
[PlyCount "73"]
[EventDate "2015.??.??"]
[WhiteTeam "vereinslos"]
[BlackTeam "SF 1903 Berlin"]

1. e4 e6 2. Nc3 c5 3. d3 Nc6 4. Bf4 d5 5. e5 Qa5 6. Bd2 Qb6 7. Nf3 Bd7 8. Be2
f6 9. exf6 Nxf6 10. b3 Bd6 11. Ng5 O-O 12. Bf3 Nd4 13. Ne2 Nxf3+ 14. Nxf3 e5
15. O-O Rae8 16. Ng3 Bg4 17. Qc1 Bc7 18. c4 e4 19. Nh4 Bxg3 20. hxg3 Be2 21.
Re1 exd3 22. cxd5 Ng4 23. Qc4 Qd6 24. Bf4 Ne5 25. Qc3 Qxd5 26. Be3 b6 27. a3
Ng4 28. Bf4 g5 29. f3 Nf6 30. Bxg5 Qxg5 31. Qc4+ Qd5 32. Qb5 Qd4+ 33. Kh2 Nh5
34. g4 Nf4 35. Nf5 Qf6 36. Qd7 Qe6 37. Qg7# 1-0

[Event "14. Lichtenberger Sommer"]
[Site "14. Lichtenberger Sommer"]
[Date "2015.08.22"]
[Round "8.95"]
[White "Nguyen Duc, Quang Nhat"]
[Black "Schmidt, Rico"]
[Result "0-1"]
[WhiteElo "1604"]
[BlackElo "1828"]
[PlyCount "104"]
[EventDate "2015.??.??"]
[WhiteTeam "SC Friesen Lichtenberg"]
[BlackTeam "SG Weißensee 49"]

1. e4 Nf6 2. e5 Nd5 3. d4 d6 4. c4 Nb6 5. exd6 exd6 6. Nc3 Nc6 7. Be2 Bf5 8.
Nf3 Be7 9. O-O O-O 10. b3 Re8 11. Bb2 Bf6 12. Bd3 Bg4 13. h3 Bxf3 14. Qxf3 Bxd4
15. Qh5 g6 16. Qg4 Bg7 17. Qg3 Nd7 18. Rad1 Nc5 19. Bb1 a5 20. Bc1 Qd7 21. f4
f5 22. h4 Qf7 23. Kh1 a4 24. Nxa4 Nxa4 25. bxa4 Qxc4 26. Rf2 Kh8 27. h5 Qxa4
28. Bc2 Qb4 29. hxg6 Re1+ 30. Kh2 Rxd1 31. Qh3 h6 32. Bxd1 Ne7 33. Bb2 Kg8 34.
Bb3+ Kf8 35. Bxg7+ Kxg7 36. Qh5 Qd4 37. Rf3 d5 38. Rh3 Qxf4+ 39. Kh1 Rh8 40. g3
Qg4 41. Qxg4 fxg4 42. Rh5 c6 43. Bd1 Nxg6 44. Bxg4 Ra8 45. Rh2 Ne5 46. Bd1 Ra3
47. Bb3 Nc4 48. Re2 Kf6 49. Rf2+ Kg5 50. Rf8 Nd2 51. Bc2 Rxa2 52. Rf5+ Kg4 0-1

[Event "14. Lichtenberger Sommer"]
[Site "14. Lichtenberger Sommer"]
[Date "2015.08.22"]
[Round "8.96"]
[White "Wallmann, Bodo"]
[Black "Pöltelt, Helmut"]
[Result "1-0"]
[WhiteElo "1834"]
[BlackElo "1752"]
[PlyCount "127"]
[EventDate "2015.??.??"]
[WhiteTeam "SC Kreuzberg"]
[BlackTeam "SC Eintracht Berlin"]

1. d4 f5 2. c4 g6 3. Nc3 Nf6 4. Nf3 Bg7 5. g3 O-O 6. Bg2 d6 7. O-O c6 8. Bg5
Qc7 9. Bxf6 Bxf6 10. e3 Be6 11. b3 h6 12. Rc1 Kh7 13. Re1 Bf7 14. e4 e5 15.
exf5 gxf5 16. dxe5 dxe5 17. Bh3 Bg6 18. Nb1 Nd7 19. Re2 Rad8 20. Qe1 e4 21.
Nfd2 Ne5 22. Rc3 Nd3 23. Rxd3 Rxd3 24. Bg2 Bd4 25. Nxe4 fxe4 26. Bxe4 Bxe4 27.
Rxe4 Rf5 28. Re7+ Kh8 29. Rxc7 Bxf2+ 30. Qxf2 Rd1+ 31. Kg2 Rxf2+ 32. Kxf2 Rxb1
33. h4 Rb2+ 34. Kf3 Rxa2 35. Rxb7 Rb2 36. Kg4 a5 37. Ra7 Rxb3 38. Rxa5 Re3 39.
Rc5 Re6 40. Kf5 Rd6 41. g4 Kg7 42. g5 hxg5 43. hxg5 Rg6 44. Re5 Rd6 45. Re6 Rd1
46. Rxc6 Rf1+ 47. Ke4 Rg1 48. g6 Rd1 49. c5 Rc1 50. Kd4 Rd1+ 51. Kc4 Rc1+ 52.
Kb5 Rb1+ 53. Ka6 Rc1 54. Kb6 Rb1+ 55. Kc7 Rc1 56. Kd7 Rc2 57. Kc8 Rc1 58. Rc7+
Kxg6 59. c6 Kf6 60. Kb7 Rb1+ 61. Ka8 Ke6 62. Rb7 Rc1 63. c7 Kd6 64. Kb8 1-0

[Event "14. Lichtenberger Sommer"]
[Site "14. Lichtenberger Sommer"]
[Date "2015.08.22"]
[Round "8.97"]
[White "Radjenovic, Branko"]
[Black "Radloff, Rainer"]
[Result "1-0"]
[WhiteElo "1813"]
[BlackElo "1667"]
[PlyCount "43"]
[EventDate "2015.??.??"]
[WhiteTeam "SK Dragojle Babic (Berlin)"]
[BlackTeam "SC Weisse Dame e.V."]

1. Nf3 Nf6 2. d4 d5 3. c4 dxc4 4. Nc3 e6 5. e3 b6 6. Bxc4 Bb7 7. O-O Be7 8. Qe2
c5 9. Rd1 Qc8 10. b3 cxd4 11. exd4 O-O 12. Bb2 Rd8 13. Rac1 Rd7 14. Ne5 Rd8 15.
d5 Ba6 16. dxe6 fxe6 17. Rxd8+ Bxd8 18. Qf3 Bb7 19. Qh3 Nd5 20. Nxd5 Bf6 21.
Nxf6+ gxf6 22. Bxe6+ 1-0

[Event "14. Lichtenberger Sommer"]
[Site "14. Lichtenberger Sommer"]
[Date "2015.08.22"]
[Round "8.98"]
[White "Lange, Johannes Friedrich"]
[Black "Bullig, Reinhard"]
[Result "0-1"]
[WhiteElo "1506"]
[BlackElo "1772"]
[PlyCount "102"]
[EventDate "2015.??.??"]
[WhiteTeam "Schachunion Berlin"]
[BlackTeam "SF 1903 Berlin"]

1. d4 Nf6 2. c4 e6 3. Nc3 Bb4 4. Qc2 b6 5. Nf3 Bb7 6. Bg5 h6 7. Bh4 O-O 8. a3
Bxc3+ 9. Qxc3 d5 10. e3 c6 11. Be2 Nbd7 12. O-O Rc8 13. Rac1 Re8 14. Qd2 Nf8
15. Ne5 Ne4 16. Bxd8 Nxd2 17. Rfd1 Nb3 18. Rc3 Nxd4 19. Rxd4 Rexd8 20. Bh5 g6
21. Bf3 Nd7 22. Nxd7 Rxd7 23. e4 c5 24. Rd1 d4 25. Rcd3 Ba6 26. b3 Rb8 27. R3d2
e5 28. Bg4 Rdd8 29. Be2 Bc8 30. b4 f5 31. Bf3 f4 32. Be2 g5 33. h3 Be6 34. Kh2
Kg7 35. Rb2 cxb4 36. axb4 Rbc8 37. Rc2 Rc7 38. Bd3 Rdc8 39. Rdc1 h5 40. c5 bxc5
41. Rxc5 Rxc5 42. bxc5 Bd7 43. Ba6 Rc7 44. Rb1 Bc6 45. f3 g4 46. hxg4 hxg4 47.
Kg1 Kf6 48. Kf2 Ke7 49. g3 gxf3 50. gxf4 Bxe4 51. fxe5 Bxb1 0-1

[Event "14. Lichtenberger Sommer"]
[Site "14. Lichtenberger Sommer"]
[Date "2015.08.22"]
[Round "8.99"]
[White "Fock, Sana"]
[Black "Weiß, Daniel"]
[Result "0-1"]
[WhiteElo "1532"]
[BlackElo "1741"]
[PlyCount "120"]
[EventDate "2015.??.??"]
[WhiteTeam "SK International Berlin"]
[BlackTeam "SF Nordost Berlin"]

1. e4 c6 2. d4 d5 3. e5 Bf5 4. Bd3 Bxd3 5. Qxd3 e6 6. Nf3 Nd7 7. c3 Qc7 8. O-O
c5 9. b3 cxd4 10. Qxd4 Ne7 11. Re1 Ng6 12. Bf4 Bc5 13. Qd2 Nxf4 14. Qxf4 O-O
15. Qg3 f6 16. exf6 Qxg3 17. hxg3 Rxf6 18. Nbd2 e5 19. Re2 e4 20. Ng5 h6 21.
Nh3 g5 22. c4 Re8 23. cxd5 e3 24. Kf1 b5 25. f3 Bb4 26. Nb1 Rd6 27. a3 Bc5 28.
Nc3 a6 29. b4 Bd4 30. Rc1 Rc8 31. Rec2 Nb6 32. Ne2 Rxc2 33. Rxc2 Rxd5 34. Rc6
Bb2 35. Kg1 Nc4 36. Rc8+ Kf7 37. Rc7+ Ke6 38. Rc6+ Rd6 39. Rxd6+ Kxd6 40. g4
Bxa3 41. f4 gxf4 42. Nhxf4 Bb2 43. Nd3 Ba3 44. Kf1 Bxb4 45. Ne1 Ke5 46. g3 Nb2
47. Nf4 Ke4 48. Ke2 Bc3 49. Ned3 Nxd3 50. Nxd3 Kd4 51. Nc1 Bd2 52. Nb3+ Kc4 53.
Nxd2+ exd2 54. Kxd2 Kb3 55. Kc1 a5 56. Kb1 a4 57. g5 hxg5 58. g4 a3 59. Ka1 b4
60. Kb1 Kc3 0-1

[Event "14. Lichtenberger Sommer"]
[Site "14. Lichtenberger Sommer"]
[Date "2015.08.22"]
[Round "8.100"]
[White "Völler, Lothar"]
[Black "Fischer, Maxi"]
[Result "1/2-1/2"]
[WhiteElo "1789"]
[BlackElo "1665"]
[PlyCount "119"]
[EventDate "2015.??.??"]
[WhiteTeam "FS Dortmund"]
[BlackTeam "SV Empor Berlin e.V."]

1. b3 e5 2. Bb2 Nc6 3. e3 d6 4. c4 Nf6 5. Nc3 Be6 6. Nge2 Be7 7. d4 exd4 8.
exd4 d5 9. c5 O-O 10. Ng3 Re8 11. Be2 Bf8 12. O-O Qd7 13. a3 Ne7 14. Bf3 c6 15.
Nce2 Ng6 16. Bc1 Bg4 17. Nf4 Nxf4 18. Bxf4 b6 19. b4 Bxf3 20. Qxf3 Re6 21. h3
Rae8 22. Be5 Rxe5 23. dxe5 Rxe5 24. cxb6 axb6 25. Qc3 Re8 26. Rfe1 Qc8 27. Rac1
c5 28. Red1 c4 29. Qd4 b5 30. Ne2 Rd8 31. Nc3 Qe6 32. Rc2 Qa6 33. Ra1 Bxb4 34.
Nxb5 Qxb5 35. axb4 Qxb4 36. Rac1 Qd6 37. Rb1 h6 38. Rb6 Qe7 39. Rc1 Re8 40.
Rxf6 Qxf6 41. Qxd5 Qf4 42. Rd1 Rc8 43. Qd2 Qxd2 44. Rxd2 g5 45. Kf1 Kg7 46. Ke2
c3 47. Rc2 Kf6 48. Kd3 Ke5 49. Re2+ Kd5 50. Kc2 f5 51. Re7 Rc6 52. Re8 f4 53.
Rd8+ Ke4 54. Re8+ Kd4 55. f3 Kd5 56. Rd8+ Kc4 57. Rd3 Kb4 58. Rd4+ Kb5 59. Rd3
Kb4 60. Rd4+ 1/2-1/2